000 00329nam a2200133Ia 4500
100 _aMetals Hand Book Committee
942 _cRB
654 _aProperties of Tool Materials
245 _aProperties And Selection of Tool Materials
260 _bA.S for Metals
_aOhio
_c1975
082 _a671
300 _a314
546 _aENGLISH
999 _c20163
_d20163